000 00371nam a2200145Ia 4500
008 240624s9999 xx 000 0 und d
041 _aeng
082 _a302.35 GRE
100 _aGREENBERG JERALD
245 _aDBEHAVIOR IN ORGANIZATIONS
250 _a(8th ed.)
260 _c2004
_aNew Delhi
_bPearson Education
300 _axxviii, : 491 : p. : cm. ; 28
365 _cRS
999 _c1695
_d1695